| 000 | 00666cam a2200205 a 4500 | ||
|---|---|---|---|
| 001 | 000003590 | ||
| 005 | 20200929150507.0 | ||
| 008 | 751003s1948 sp 000 0 spa | ||
| 040 |
_aDO-SdBNP _bspa _cBNPHU |
||
| 041 | 1 | 7 |
_aspa _heng |
| 082 |
_a813.54 _bG798L |
||
| 100 | 1 |
_aGreen, F. L. _q(Frederick Lawrence), _d1902-1953. _911063 |
|
| 240 | 1 | 0 |
_aOdd man out. _lEspañol |
| 245 | 1 | 0 |
_aLarga es la noche / _cF. L. Green ; traductor, Rafael Vásquez Zamora. |
| 260 |
_aBarcelona : _bDestino, _c1948. |
||
| 300 |
_a313 p. ; _c19 cm. |
||
| 650 | 4 |
_aNovela estadounidense _9262 |
|
| 650 | 4 |
_aLiteratura estadounidense _9263 |
|
| 700 | 1 |
_aVásquez Zamora, Rafael ; _etr. _96164 |
|
| 999 |
_c3414 _d3414 |
||